<?xml version="1.0" encoding="UTF-8"?><?xml-stylesheet type="text/xsl" href="static/style.xsl"?><OAI-PMH xmlns="http://www.openarchives.org/OAI/2.0/" xmlns:xsi="http://www.w3.org/2001/XMLSchema-instance" xsi:schemaLocation="http://www.openarchives.org/OAI/2.0/ http://www.openarchives.org/OAI/2.0/OAI-PMH.xsd"><responseDate>2026-04-14T20:10:30Z</responseDate><request verb="GetRecord" identifier="oai:uvadoc.uva.es:10324/12994" metadataPrefix="marc">https://uvadoc.uva.es/oai/request</request><GetRecord><record><header><identifier>oai:uvadoc.uva.es:10324/12994</identifier><datestamp>2021-06-29T11:19:29Z</datestamp><setSpec>com_10324_38</setSpec><setSpec>col_10324_852</setSpec></header><metadata><record xmlns="http://www.loc.gov/MARC21/slim" xmlns:doc="http://www.lyncode.com/xoai" xmlns:xsi="http://www.w3.org/2001/XMLSchema-instance" xmlns:dcterms="http://purl.org/dc/terms/" xsi:schemaLocation="http://www.loc.gov/MARC21/slim http://www.loc.gov/standards/marcxml/schema/MARC21slim.xsd">
<leader>00925njm 22002777a 4500</leader>
<datafield tag="042" ind1=" " ind2=" ">
<subfield code="a">dc</subfield>
</datafield>
<datafield tag="720" ind1=" " ind2=" ">
<subfield code="a">Castedo Vega, Noelia</subfield>
<subfield code="e">author</subfield>
</datafield>
<datafield tag="260" ind1=" " ind2=" ">
<subfield code="c">2015</subfield>
</datafield>
<datafield tag="520" ind1=" " ind2=" ">
<subfield code="a">El objetivo principal de este trabajo es realizar un análisis del Enoturismo en el Bierzo desde el punto de vista de su oferta turística persiguiendo una serie de objetivos generales: (1) conocer el significado de Enoturismo así como su importancia, perfil y estacionalidad en el Bierzo, (2) conocer la comarca y su historia en relación con el vino, (3) pormenorizar en las variedades de uva autóctonas y en la función e importancia del Consejo Regulador y Denominación de Origen Bierzo (4), conocer su oferta enoturística así como su relación con otros tipos de turismo a través del estudio de la Ruta del Vino Bierzo Enoturismo.</subfield>
</datafield>
<datafield tag="024" ind2=" " ind1="8">
<subfield code="a">http://uvadoc.uva.es/handle/10324/12994</subfield>
</datafield>
<datafield ind1=" " ind2=" " tag="653">
<subfield code="a">El Bierzo (León, España)</subfield>
</datafield>
<datafield ind1=" " ind2=" " tag="653">
<subfield code="a">Enoturismo</subfield>
</datafield>
<datafield tag="245" ind1="0" ind2="0">
<subfield code="a">Enoturismo en la Comarca del Bierzo</subfield>
</datafield>
</record></metadata></record></GetRecord></OAI-PMH>